| 000 | 01586nam a22004217a 4500 | ||
|---|---|---|---|
| 001 | 000096444 | ||
| 003 | CHAP | ||
| 005 | 20220329143156.0 | ||
| 008 | 061023d2006 mx r 00110 spa d | ||
| 010 | _a92910 | ||
| 011 | _a93882 | ||
| 035 | _a104464 | ||
| 040 | _cCHAP | ||
| 090 | _aTesis | ||
| 100 | 1 |
_aLara Ledesma, Juan José. _964851 |
|
| 245 | 1 | 0 |
_aEfecto de la roya del tallo (Puccinia graminis f. sp. avenae Eriks y Henn) sobre el rendimiento en avena (Avena sativa L.) en Tlaxcala / _c/por Juan José Lara Ledesma. |
| 260 |
_aChapingo, Méx. : _bEl autor, _c2006. |
||
| 300 |
_a55 h. : _bgráfs., cuadros. |
||
| 502 | _aTesis (Ing. Agr. Esp. en Parasitología Agrícola) - - UACH. Departamento de Parasitología Agrícola | ||
| 590 |
_aALEPH _b10 _c20130110 _lUCH01 _h1514 |
||
| 590 |
_aBATCH-UPD _b10 _c20130110 _lUCH01 _h0457 |
||
| 590 |
_aBATCH-UPD _b10 _c20130410 _lUCH01 _h0134 |
||
| 590 |
_aBATCH-UPD _b10 _c20130914 _lUCH01 _h0434 |
||
| 590 |
_aBATCH-UPD _b10 _c20140324 _lUCH01 _h1459 |
||
| 590 |
_aBATCH-UPD _b10 _c20141002 _lUCH01 _h0831 |
||
| 590 |
_aCONVERSION _b10 _c20130109 _lUCH01 _h1351 |
||
| 590 |
_aE792CSJ _b10 _c20130607 _lUCH01 _h1153 |
||
| 650 | 1 | 4 |
_aAvena _xEnfermedades. _98517 |
| 650 | 1 | 4 |
_aAvena _xRendimiento. _98539 |
| 650 | 1 | 4 |
_aPuccinia graminis. _992822 |
| 856 |
_3Finding aid _uhttp://10.13.5.2/tesis/104464.pdf _zTeclea aquí |
||
| 901 | _aBK | ||
| 905 | _aElisama A. H. | ||
| 942 | _cCD | ||
| 942 | _n0 | ||
| 949 |
_aTesis _bBC _cTES _d00000000104464 _eTS1 _h45837 _i104464 _sb |
||
| 949 |
_aTesis _bBC _cTES _d33724000996468 _eTS2 _fc.2 _h45838 _i104464 _si |
||
| 999 |
_c92910 _d92910 |
||